| 000 | 01644cam a2200373 4500 | ||
|---|---|---|---|
| 001 | ABS66850 | ||
| 008 | 030702n2003 000 0 eng u | ||
| 035 | _a(Sirsi) u122849 | ||
| 100 | _aJacoby, C. | ||
| 245 | _aRural: alternative uses | ||
| 260 | _c2003 | ||
| 490 |
_aEstates Gazette _v(0326) 28 June 2003, 64-79(13) |
||
| 520 | _aA series of articles examining the options available to rural landowners wishing to diversify and make their land more profitable. Includes a look at the different opinions on what the best options are for landowners, from leisure and recreation to tourism and conservation. Other options discussed include alternative energy, residential development and telephone masts. Also examines the effect of falling land prices with owners seeking alternative uses according to local demand and the effect of the Planning and Compensation Bill on compulsory purchase orders and the amount of money farmers will receive after compulsory acquisition of their land for roads. | ||
| 590 | _aABS | ||
| 650 | _aRURAL ECONOMY | ||
| 650 | _aFARM DIVERSIFICATION | ||
| 650 | _aLANDOWNERS | ||
| 650 | _aCOMPENSATION | ||
| 650 | _aRESIDENTIAL DEVELOPMENT | ||
| 650 | _aHORSE RIDING | ||
| 650 | _aLEISURE INDUSTRY | ||
| 650 | _aPLANNING AND COMPENSATION BILL | ||
| 650 | _aFARM LAND PRICES | ||
| 650 | _aFARM BUILDINGS | ||
| 650 | _aGREENFIELD DEVELOPMENT | ||
| 650 | _aCOMPULSORY PURCHASE ORDERS | ||
| 690 | _aRURAL-FARM BUSINESS MANAGEMENT | ||
| 700 | _aElghamry, N. | ||
| 700 | _aShirley, A. | ||
| 700 | _aNorwood, G. | ||
| 700 | _aHowarth, A. | ||
| 700 | _aPaice, Catherine | ||
| 942 | _n0 | ||
| 999 |
_c72974 _d72974 |
||